000
00313nam a22001337a 4500
020
_a
978-9380995199
041
_a
ENG
100
_a
Prasad.K.D
245
_a
Soil Conservation & Organic Farming
260
_a
New Delhi
_b
Enkay Publishing House
_c
2013
300
_a
264
650
_a
SWCE
856
_u
SWCE ( 43 )
999
_c
1933
_d
1933